000 00814nam a2200241Ia 4500
003 OSt
005 20220923214123.0
006 a|||||r|||| 00| 0
007 ta
008 220922b |||||||| |||| 00| 0 hin d
024 _a167,104
037 _cTextual
040 _aARTS
_cARTS
_bhin
041 _2hin
_ahin
082 _aO152,1J94:g, J3;K9
100 _aजगन्नाथदास, रत्नाकर, संपा.
_9161717
245 0 _aकविवर बिहारी
246 _aKavivar bihārī
260 _aबनारस
_b ग्रंथकार
_c1953
650 _aहिन्दी साहित्य
_9156264
942 _hO152,1J94:g, J3;K9
_cTEXL
_2CC
999 _c321583
_d321583